[Event "KSB Ostrava-Jih B - Koprivnice A"]
[Site "4. s."]
[Date "2025.??.??"]
[Round "8.4"]
[White "Slavinsky, Rostislav"]
[Black "Sima, Nikola"]
[Result "1/2-1/2"]
[WhiteElo "1940"]
[BlackElo "1751"]
[PlyCount "24"]
[EventDate "2025.??.??"]

1. Nf3 d5 2. c4 e6 3. b3 Nf6 4. Bb2 c5 5. g3 Nc6 6. Bg2 d4 7. e3 e5 8. d3 Be7 9. h3 Bd7 10. Nbd2 O-O 11. O-O Qc8 12. Kh2 Be6 1/2-1/2

[Event "KSB Ostrava-Jih B - Koprivnice A"]
[Site "?"]
[Date "2025.02.09"]
[Round "8.5"]
[White "Snopek, Jiri"]
[Black "Socha, Jaromir"]
[Result "*"]
[WhiteElo "1751"]
[BlackElo "1896"]
[PlyCount "71"]
[EventDate "2025.??.??"]

1. Nf3 Nf6 2. c4 e6 3. b3 Be7 4. Bb2 O-O 5. g3 b6 6. Bg2 Bb7 7. O-O c5 8. e3 d5 9. d4 Nc6 10. Nbd2 Rc8 11. Qe2 Ba6 12. Ne5 Nxe5 13. dxe5 Nd7 14. Qg4 Qc7 15. f4 dxc4 16. bxc4 b5 17. Rfd1 Qb6 18. Ne4 f5 19. exf6 Nxf6 20. Nxf6+ Bxf6 21. Bxf6 Rxf6 22. Rd7 Rf7 23. Rad1 Rcf8 24. R7d6 Qa5 25. Qxe6 Bc8 26. Qe5 Rf5 27. Bd5+ Kh8 28. Qe7 Qc3 29. Rd8 Qf6 30. Rxf8+ Qxf8 31. Qc7 Qe8 32. e4 Rf8 33. Bc6 Qe6 34. Rd8 Qf6 35. Rxc8 Qd4+ 36. Kg2 *

[Event "KSB Ostrava-Jih B - Koprivnice A"]
[Site "6.s."]
[Date "2025.02.09"]
[Round "8.6"]
[White "Briza, Jiri"]
[Black "Chmela, Zdenek"]
[Result "1-0"]
[WhiteElo "1862"]
[BlackElo "1804"]
[PlyCount "66"]
[EventDate "2025.??.??"]

1. e4 e5 2. Nf3 Nc6 3. Bb5 Nf6 4. Nc3 d6 5. h3 h6 6. O-O a6 7. Ba4 b5 8. Bb3 Na5 9. d4 Nxb3 10. axb3 exd4 11. Nxb5 Bb7 12. Nbxd4 Bxe4 13. Re1 Be7 14. Nd2 Bd5 15. Nf5 Ng8 16. c4 Bc6 17. Nxg7+ Kf8 18. Nf5 Bd7 19. Nxe7 Nxe7 20. Ne4 Ng6 21. Qh5 Kg7 22. Bd2 f5 23. Bc3+ Ne5 24. Ng3 Qg5 25. Qe2 Rhe8 26. Qe3 f4 27. Qxf4 Kg6 28. Qxg5+ hxg5 29. Rad1 Bf5 30. Nxf5 Kxf5 31. c5 Rad8 32. g4+ Kg6 33. Kg2 Re6 1-0

[Event "KSB Ostrava-Jih B - Koprivnice A"]
[Site "7. s."]
[Date "2025.02.09"]
[Round "8.7"]
[White "Pavlas, Jaroslav"]
[Black "Rosinsky, Pavel"]
[Result "0-1"]
[WhiteElo "1689"]
[BlackElo "2026"]
[PlyCount "46"]
[EventDate "2025.??.??"]

1. e4 c5 2. Nf3 Nc6 3. d4 cxd4 4. Nxd4 g6 5. Nxc6 bxc6 6. Bc4 Bg7 7. O-O Rb8 8. Bb3 d6 9. Qf3 e6 10. Nc3 Ne7 11. Rd1 O-O 12. Rd3 Ba6 13. Rd1 Qc7 14. Qh3 c5 15. Rb1 Nc6 16. Bxe6 fxe6 17. Qxe6+ Qf7 18. Rxd6 Bxc3 19. Rxc6 Qxe6 20. Rxe6 Bc4 21. Re7 Bd4 22. Be3 Bxe3 23. fxe3 Rxb2 0-1

[Event "KSB Ostrava-Jih B - Koprivnice A"]
[Site "8. s."]
[Date "2025.02.09"]
[Round "8.8"]
[White "Kolecek, Jiri"]
[Black "Kilian, Zdenek"]
[Result "1-0"]
[WhiteElo "1804"]
[BlackElo "1454"]
[PlyCount "82"]
[EventDate "2025.??.??"]
[TimeControl "60/120:0"]

1. d4 Nf6 2. c4 d5 3. Nc3 e6 4. Nf3 Bb4 5. Bg5 Bxc3+ 6. bxc3 O-O 7. e3 h6 8. Bh4 g5 9. Bg3 Ne4 10. Qc2 f5 11. Be5 Nc6 12. g3 Nxe5 13. Nxe5 Qf6 14. f3 Nd6 15. c5 Nf7 16. Nxf7 Rxf7 17. f4 c6 18. Rb1 Rg7 19. Qd2 h5 20. Qf2 Rb8 21. fxg5 Qxg5 22. Qf4 Qxf4 23. exf4 b5 24. Be2 Rh7 25. a4 a6 26. axb5 axb5 27. Ra1 Kf8 28. Kd2 h4 29. g4 h3 30. Rhg1 Rg7 31. g5 Rh7 32. Rg3 Rh4 33. Ke3 b4 34. cxb4 e5 35. dxe5 d4+ 36. Kf3 Be6 37. Kf2 Rxf4+ 38. Rf3 Rh4 39. b5 f4 40. b6 Bd5 41. Rfa3 Rg4 1-0